| 000 | 01342nam0a22003011 4500 | ||
|---|---|---|---|
| 001 | rc\3466690 | ||
| 005 | 20130115124921.1 | ||
| 021 |
_aRU _b89-ВП-1041/21-22 |
||
| 021 |
_aRU _b7167 |
||
| 035 | _a(NLR Aleph) 007889272 | ||
| 090 |
_a7967666 _c7967666 |
||
| 100 | _a20130115d1974 |||y0rusy50 ca | ||
| 101 | 0 | _arus | |
| 102 | _aRU | ||
| 105 | _ay z ||||| | ||
| 200 | 1 |
_aОПЫТ комплексного совершенствования организации труда _fН.С. Березина и др. |
|
| 210 |
_aМинск _cБ. и. _d1974 |
||
| 215 |
_a10 с. _d20 |
||
| 225 | 1 |
_aЭкспресс-информация _fБелорусский НИИ НТИ и технико-экономических исследований Госплана БССР _iСерия "Экономика и организация производства" |
|
| 309 | _aБез тит. л. и обл. | ||
| 320 | _aБиблиогр.: с. 10 | ||
| 702 | 1 |
_aБерезина _bН. С. _gНина Степановна _4220 |
|
| 712 | 0 | 2 |
_aБелорусский НИИ научно-технической информации и технико-экономических исследований _cМинск _3RU\NLR\AUTH\8810024784 |
| 801 | 0 |
_aRU _bNLR _gpsbo |
|
| 801 | 1 |
_aRU _bELAR _2rusmarc |
|
| 852 |
_aNLR _j89-4/8509 |
||
| 942 | _cBOOK | ||
| 980 | _aNB | ||